000 00716cab a2200253 4500
001 ABS54587
008 090401t1996 xxu||||| |||| 00| 0 eng d
035 _a(Sirsi) u11220
041 _aeng
100 _aHe Zhi,
245 _aUnderstanding the Chinese construction costing system
260 _c1996
350 _a0
490 _aCost Engineering
_v38(1) January 1996, 19-21(3)
520 _aDescription of the Chinese construction industry and how to obtain work in it.
650 _aCHINA
650 _aCONSTRUCTION INDUSTRY
650 _aCONSTRUCTION MARKET
650 _aCOSTS
650 _aPROJECT COST ESTIMATION
690 _aOVERSEAS-REST OF THE WORLD
942 _n0
948 _c04/03/1997
999 _c7139
_d7139